000 00312nam a22001337a 4500
008 181011b xxu||||| |||| 00| 0 eng d
020 _a9780399126796
041 _aeng
080 _a038
100 _a23
101 _aFJA
245 _aThe new Roget's Thesaurus in Dictionary Form
_cLewis,N
942 _2udc
_cBK
999 _c49396
_d49396